<?xml version="1.0" encoding="UTF-8"?>
<record
    xmlns:xsi="http://www.w3.org/2001/XMLSchema-instance"
    xsi:schemaLocation="http://www.loc.gov/MARC21/slim http://www.loc.gov/standards/marcxml/schema/MARC21slim.xsd"
    xmlns="http://www.loc.gov/MARC21/slim">

  <leader>00911cam a22002411  4500</leader>
  <controlfield tag="001">ne 68005078 </controlfield>
  <controlfield tag="003">DLC</controlfield>
  <controlfield tag="005">20260227111852.0</controlfield>
  <controlfield tag="008">830120s1968    ua            000 0 ara  </controlfield>
  <datafield tag="010" ind1=" " ind2=" ">
    <subfield code="a">ne 68005078 </subfield>
  </datafield>
  <datafield tag="025" ind1=" " ind2=" ">
    <subfield code="a">PL480:UAR-9774</subfield>
  </datafield>
  <datafield tag="035" ind1=" " ind2=" ">
    <subfield code="a">(OCoLC)9147001</subfield>
  </datafield>
  <datafield tag="040" ind1=" " ind2=" ">
    <subfield code="a">DLC</subfield>
    <subfield code="c">TU</subfield>
    <subfield code="d">TU</subfield>
    <subfield code="d">DLC</subfield>
  </datafield>
  <datafield tag="042" ind1=" " ind2=" ">
    <subfield code="a">premarc</subfield>
  </datafield>
  <datafield tag="050" ind1="0" ind2="0">
    <subfield code="a">BP134.M3</subfield>
    <subfield code="b">B517</subfield>
  </datafield>
  <datafield tag="100" ind1="0" ind2=" ">
    <subfield code="a">Bint al-Sh&#x101;&#x1E6D;i&#x2BC;.</subfield>
  </datafield>
  <datafield tag="245" ind1="1" ind2="3">
    <subfield code="a">al-Qur&#x2BC;&#x101;n wa-&#x1E24;uq&#x16B;q al-ins&#x101;n,</subfield>
    <subfield code="c">Mu&#x1E25;a&#x1E0D;arah &#x2BB;&#x100;mmah li-&#x2BB;&#x100;&#x2BC;ishah Abdul Ra&#x1E25;m&#x101;n (Bint al-Sh&#x101;&#x1E6D;i&#x2BC;)</subfield>
  </datafield>
  <datafield tag="260" ind1=" " ind2=" ">
    <subfield code="a">[al-Q&#x101;hirah,</subfield>
    <subfield code="b">Ma&#x1E6D;ba&#x2BB;at Mukhaymir</subfield>
    <subfield code="c">1968?]</subfield>
  </datafield>
  <datafield tag="300" ind1=" " ind2=" ">
    <subfield code="a">22 p.</subfield>
    <subfield code="c">25 cm.</subfield>
  </datafield>
  <datafield tag="490" ind1="1" ind2=" ">
    <subfield code="a">J&#x101;mi&#x2BB;at Umm Durm&#x101;n al-Isl&#x101;m&#x12B;yah. Mu&#x1E25;&#x101;&#x1E0D;ar&#x101;t al-Mawsim al-Thaq&#x101;f&#x12B; al-Th&#x101;n&#x12B; lil-&#x2BB;&#x100;m al-J&#x101;mi&#x2BB;&#x12B; 1967/1968.</subfield>
  </datafield>
  <datafield tag="650" ind1=" " ind2="0">
    <subfield code="a">Theological anthropology</subfield>
    <subfield code="x">Islam</subfield>
    <subfield code="x">Koranic teaching.</subfield>
  </datafield>
  <datafield tag="810" ind1="2" ind2=" ">
    <subfield code="a">J&#x101;mi&#x2BB;at Umm Durm&#x101;n al-Isl&#x101;m&#x12B;yah.</subfield>
    <subfield code="t">Mu&#x1E25;&#x101;&#x1E0D;ar&#x101;t al-Mawsim al-Thaq&#x101;f&#x12B;.</subfield>
  </datafield>
  <datafield tag="999" ind1=" " ind2=" ">
    <subfield code="c">51208</subfield>
    <subfield code="d">51208</subfield>
  </datafield>
</record>
